| 000 | 01052nam a22003257a 4500 | ||
|---|---|---|---|
| 003 | CHAP | ||
| 005 | 20220329140419.0 | ||
| 008 | 971013s1981 r 00010 d | ||
| 010 | _a51627 | ||
| 011 | _a52599 | ||
| 035 | _a56749 | ||
| 040 | _cCHAP | ||
| 082 |
_a633.18 _bW3 |
||
| 100 | 0 | 0 |
_aWang, Jaw-Kai. _9121014 |
| 245 |
_aIrrigated rice production systems _b: design procedures |
||
| 260 |
_aBoulder, Col. : _bWstview, _c1981 |
||
| 300 |
_a300 p. _b; gráfs. |
||
| 490 |
_aWestview tropical agriculture series _v; 3 |
||
| 590 |
_aBATCH-UPD _b10 _c20130110 _lUCH01 _h1109 |
||
| 590 |
_aBATCH-UPD _b10 _c20130410 _lUCH01 _h0700 |
||
| 590 |
_aBATCH-UPD _b10 _c20130914 _lUCH01 _h0409 |
||
| 590 |
_aCONVERSION _b10 _c20130109 _lUCH01 _h1328 |
||
| 650 | 1 | 4 |
_aArroz _xIrrigación. _97627 |
| 650 | 1 | 4 |
_aIrrigación. _960366 |
| 700 | 0 |
_aHagan, Ross Ellis. _952213 |
|
| 830 | 0 |
_aWestview tropical agriculture series _v; 3 _9121592 |
|
| 901 | _aBK | ||
| 942 | _cLIBRO | ||
| 949 |
_a633.18 W3 _bBC _cLIBRO _d33724000197281 _eLIBRO _h56021 _i56749 _mDirecto _si _t865.00 |
||
| 999 |
_c51627 _d51627 |
||